书目信息 |
| 题名: |
黑客秘笈
|
|
| 作者: | 基姆 著 ;徐文博 , 成明遥 , 赵阳 译 | |
| 分册: | ||
| 出版信息: | 北京 人民邮电出版社 2015 |
|
| 页数: | 196页 | |
| 开本: | 24cm | |
| 丛书名: | 信息安全技术丛书 | |
| 单 册: | ||
| 中图分类: | TP393.08 | |
| 科图分类: | ||
| 主题词: | 计算机网络--Ji Suan Ji Wang Luo--安全技术 | |
| 电子资源: | ||
| ISBN: | 978-7-115-39368-5 | |
| 000 | 01876nam 2200361 450 | |
| 001 | 1673327292 | |
| 005 | 20150814085645.8 | |
| 010 | @a978-7-115-39368-5@dCNY45.00 | |
| 100 | @a20150814d2015 em y0chiy0120 ea | |
| 101 | 1 | @achi@ceng |
| 102 | @aCN@b110000 | |
| 105 | @aa z 000yy | |
| 106 | @ar | |
| 200 | 1 | @a黑客秘笈@AHei Ke Mi Ji@e渗透测试实用指南@f(美) Peter Kim著@g徐文博, 成明遥, 赵阳译 |
| 210 | @a北京@c人民邮电出版社@d2015 | |
| 215 | @a196页@c图@d24cm | |
| 225 | 2 | @a信息安全技术丛书@AXin Xi An Quan Ji Shu Cong Shu |
| 306 | @a本书中文简体字版由Secure Planet LLC.授权人民邮电出版社出版 | |
| 312 | @a原文题名取自于封面 | |
| 314 | @a责任者Kim规范汉译姓: 基姆 | |
| 330 | @a所谓的渗透测试, 就是借助各种漏洞扫描工具, 通过模拟黑客的攻击方法, 来对网络安全进行评估。本书采用大量真实案例和集邮帮助的建议讲解了在渗透测试期间会面临的一些障碍, 以及相应的解决方法。本书共分为10章, 其内容涵盖了本书所涉的攻击机器/工具的安装配置, 网络扫描, 漏洞利用, 人工地查找和搜索Web应用程序的漏洞, 攻陷系统后如何获取更重要的信息, 社工方面的技巧, 物理访问攻击, 规避杀毒软件的方法, 破解密码相关的小技巧和最终的成果汇总等知识。本书编排有序, 章节直接相互独立, 读者可以按需阅读, 也可以逐章阅读。本书不要求读者具备渗透测试的相关背景, 但是如果具有相关的经验, 对理解本书的内容会更有帮助。 | |
| 333 | @a本书不仅面向渗透测试的从业人员, 而且同样适合对信息安全感兴趣的行业爱好者阅读。 | |
| 410 | 0 | @12001 @a信息安全技术丛书 |
| 500 | 10 | @aThe hacker playbook : practical guide to penetration testing@mChinese |
| 517 | 1 | @a渗透测试实用指南@AShen Tou Ce Shi Shi Yong Zhi Nan |
| 606 | 0 | @a计算机网络@AJi Suan Ji Wang Luo@x安全技术 |
| 690 | @aTP393.08@v5 | |
| 701 | 1 | @a基姆@AJi Mu@g(Kim, Peter)@4著 |
| 702 | 0 | @a徐文博@AXu Wen Bo@4译 |
| 702 | 0 | @a成明遥@ACheng Ming Yao@4译 |
| 702 | 0 | @a赵阳@AZhao Yang@4译 |
| 801 | 0 | @aCN@b江苏新华@c20150511 |
| 905 | @aBZT@dTP393.08@e102 | |
| 黑客秘笈:渗透测试实用指南/(美) Peter Kim著/徐文博, 成明遥, 赵阳译.-北京:人民邮电出版社,2015 |
| 196页:图;24cm.-(信息安全技术丛书) |
| 使用对象:本书不仅面向渗透测试的从业人员, 而且同样适合对信息安全感兴趣的行业爱好者阅读。 |
| ISBN 978-7-115-39368-5:CNY45.00 |
| 所谓的渗透测试, 就是借助各种漏洞扫描工具, 通过模拟黑客的攻击方法, 来对网络安全进行评估。本书采用大量真实案例和集邮帮助的建议讲解了在渗透测试期间会面临的一些障碍, 以及相应的解决方法。本书共分为10章, 其内容涵盖了本书所涉的攻击机器/工具的安装配置, 网络扫描, 漏洞利用, 人工地查找和搜索Web应用程序的漏洞, 攻陷系统后如何获取更重要的信息, 社工方面的技巧, 物理访问攻击, 规避杀毒软件的方法, 破解密码相关的小技巧和最终的成果汇总等知识。本书编排有序, 章节直接相互独立, 读者可以按需阅读, 也可以逐章阅读。本书不要求读者具备渗透测试的相关背景, 但是如果具有相关的经验, 对理解本书的内容会更有帮助。 |
| ● |
| 相关链接 |
|
|
|
正题名:黑客秘笈
索取号:TP393.08/102
 
预约/预借
| 序号 | 登录号 | 条形码 | 馆藏地/架位号 | 状态 | 备注 |
| 1 | 800357 | 2000800357 | 第二书库/ [索取号:TP393.08/102] | 在馆 | |
| 2 | 800358 | 2000800358 | 第二书库/ [索取号:TP393.08/102] | 在馆 | |
| 3 | 800359 | 2000800359 | 第二书库/ [索取号:TP393.08/102] |
已借出,限还日期为2025.07.21 借出人:杨忠贤 |